| 000 | 01168nam a22002537a 4500 | ||
|---|---|---|---|
| 005 | 20081010144745.0 | ||
| 008 | 081010t xxu||||| |||| 00| e hin d | ||
| 010 | _aHIN-84331 | ||
| 020 |
_a9788181436528 _c200.00 |
||
| 035 | _aHN-56677 | ||
| 037 | _bDBAD / PUB | ||
| 040 |
_aDPL _bHN |
||
| 082 | _a824 | ||
| 100 | _aशर्मा, राजमणि | ||
| 245 |
_aमेरो मन अनत कहाँ सुख पावै.../ _cराजमणि शर्मा |
||
| 246 |
_aMero mana anananta kahaan sukha pavein _bby Rajmani Sharma |
||
| 260 |
_aनई दिल्ली _bवाणी प्रकाशन _c2008 |
||
| 270 |
_a21-ए, दरियागंज _bनई दिल्ली _e110002 _k011 23273167, 23275710 _l011 23275710 _mvaniprakashan@gmail.com |
||
| 300 |
_a136पृ _c22सेमी (सजिल्द) |
||
| 650 | _aहिन्दी निबंध | ||
| 650 | _aHindi essays | ||
| 942 |
_2ddc _cHN _mशर्मारा _h824 |
||
| 999 |
_c16504 _d16504 |
||